[Event "AUTO-BEG-200"]
[Site "http://www.queenalice.com/game.php?id=376749"]
[Date "2008.3.25"]
[Round "1"]
[White "dking"]
[Black "falca"]
[Result "0-1"]
[WhiteElo "1245"]
[BlackElo "1382"]

1. e4 e5 2. Nf3 Nc6 3. Nc3 Nf6 4. Bc4 Bc5 5. h3 d6 6. d3 Be6 7. Be3 O-O 8. Qe2
Qe7 9. O-O-O a6 10. g4 b5 11. Bd5 Nxd5 12. exd5 b4 13. dxe6 bxc3 14. exf7+ Qxf7
15. bxc3 Qxa2 16. Kd2 Na5 17. Ke1 Rab8 18. Ng5 Bxe3 19. Qxe3 Qxc2 20. Rf1 Qxc3+
21. Ke2 Rb2+ 22. Rd2 Nb3 23. Ne4 Rxd2+ 24. Nxd2 Qxd2+ 25. Qxd2 Nxd2 26. Kxd2 c5
27. Ra1 Rxf2+ 28. Kc3 Rf3 29. Rxa6 e4 30. Rxd6 Rxh3 31. Kd2 c4 32. dxe4 c3+ 33.
Kc2 g6 34. e5 Kf7 35. Rc6 Re3 36. e6+ Rxe6 37. Rxc3 Re4 38. Rh3 Rxg4 39. Rxh7+
Kf6 40. Kd3 Rg5 41. Ke4 Re5+ 42. Kf4 g5+ 43. Kg4 Kg6 44. Rh5 Re4+ 45. Kf3 Rf4+
46. Kg3 Kxh5 47. Kg2 g4 48. Kg3 Rf3+ 0-1

[Event "AUTO-BEG-200"]
[Site "http://www.queenalice.com/game.php?id=376750"]
[Date "2008.3.25"]
[Round "1"]
[White "falca"]
[Black "dking"]
[Result "1-0"]
[WhiteElo "1395"]
[BlackElo "1232"]

1. e4 e5 2. Nf3 Nc6 3. Bc4 Nf6 4. Ng5 Rg8 5. Bxf7+ Ke7 6. Bxg8 Nxg8 7. Nxh7 Nf6
8. Nxf8 Qxf8 9. Nc3 d6 10. d3 Bg4 11. f3 Bh5 12. g4 Bf7 13. g5 Nd7 14. Nd5+ Kd8
15. g6 Bxg6 16. Bg5+ Kc8 17. Qd2 Qxf3 18. Rf1 Qh5 19. Ne7+ Nxe7 20. Bxe7 b6 21.
Bf8 Qh7 22. Be7 a5 23. O-O-O Qh8 24. Qg2 Bh5 25. Rd2 Qe8 26. Qxg7 Kb7 27. Bg5
Qg8 28. Qxg8 Rxg8 29. h4 c5 30. c4 Rf8 31. Rxf8 Nxf8 32. Be7 Ng6 33. Bxd6 Kc6
34. Bb8 Kb7 35. Bd6 Kc6 36. Rf2 Kxd6 37. Rf5 Be2 38. Rf6+ Ke7 39. Rxg6 Bxd3 40.
b3 Bxe4 41. Rxb6 Bf5 42. h5 Kf7 43. h6 Kg8 44. Rb7 e4 45. Kd2 Bg6 46. Ke3 Kh8
47. Rb6 Kh7 48. Kf4 Kxh6 49. a4 1-0

[Event "AUTO-BEG-200"]
[Site "http://www.queenalice.com/game.php?id=376751"]
[Date "2008.3.25"]
[Round "1"]
[White "dking"]
[Black "DedeiTairone"]
[Result "1-0"]
[WhiteElo "1107"]
[BlackElo "1340"]

1. e4 e5 2. Nf3 d6 3. Bc4 Nh6 4. d3 c6 5. Nc3 Qb6 6. Na4 Qa5+ 7. Nc3 Qb6 8. Na4
Qa5+ 9. Qd2 Qxa4 10. b3 Qxc4 11. dxc4 d5 12. cxd5 cxd5 13. exd5 Na6 14. Nxe5 Bd6
15. Nc4 Be5 16. Nxe5 O-O 17. O-O Re8 18. Bb2 Ng4 19. Nxf7 Kxf7 20. Qf4+ Kg8 21.
Rfe1 Rf8 22. Qd4 Nc7 23. Qxg7# 1-0

[Event "AUTO-BEG-200"]
[Site "http://www.queenalice.com/game.php?id=376752"]
[Date "2008.3.25"]
[Round "1"]
[White "DedeiTairone"]
[Black "dking"]
[Result "0-1"]
[WhiteElo "1349"]
[BlackElo "1186"]

1. e4 e5 2. d3 Nc6 3. g3 Nf6 4. g4 d6 5. Nf3 Bxg4 6. h3 Bxf3 7. Qxf3 Nd4 8. Qd1
Qd7 9. f4 exf4 10. Bxf4 c5 11. Nc3 g6 12. Nd5 Nxd5 13. exd5 Qe7+ 14. Kd2 Bg7 15.
c3 Nf5 16. Qa4+ Kf8 17. Qb5 Qh4 18. Qa4 Qe7 19. Re1 Be5 20. Bh2 Qg5+ 21. Kd1
Ne3+ 22. Rxe3 Qxe3 23. Bg1 Qf3+ 24. Be2 Qxh1 25. Qe4 Qxg1+ 26. Kd2 Re8 27. Qa4
a6 28. Qd7 Qg2 29. Qxb7 Bf4+ 30. Kd1 Qxe2# 0-1

[Event "AUTO-BEG-200"]
[Site "http://www.queenalice.com/game.php?id=376753"]
[Date "2008.3.25"]
[Round "1"]
[White "dking"]
[Black "cirilovsk"]
[Result "1/2-1/2"]
[WhiteElo "1186"]
[BlackElo "1901"]

1. e4 c5 2. Nf3 Nc6 3. Bc4 e6 4. d3 d5 5. exd5 exd5 6. Bb3 Nf6 7. Nc3 Be7 8. O-O
O-O 9. Qe1 Re8 10. Ne4 dxe4 11. dxe4 Nd4 12. Nxd4 cxd4 13. e5 Bd6 14. f4 Bc5 15.
c3 dxc3+ 16. Be3 Bxe3+ 17. Qxe3 cxb2 18. Rab1 Bf5 19. Rxb2 Ne4 20. g4 Bxg4 21.
Qxe4 Be6 22. Qxb7 Bxb3 23. axb3 Qd4+ 24. Rbf2 Rab8 25. Qc6 Rec8 26. Qf3 Rc3 27.
Qg4 Rcxb3 28. Kh1 Rb1 29. Rg1 Qe4+ 30. Qg2 Rxg1+ 31. Kxg1 Rb1+ 32. Rf1 Qd4+ 33.
Kh1 Rxf1+ 34. Qxf1 Qe4+ 35. Kg1 Qe3+ 36. Kh1 Qe4+ 37. Kg1 Qe3+ 38. Kh1 1/2-1/2

[Event "AUTO-BEG-200"]
[Site "http://www.queenalice.com/game.php?id=376754"]
[Date "2008.3.25"]
[Round "1"]
[White "cirilovsk"]
[Black "dking"]
[Result "1-0"]
[WhiteElo "1889"]
[BlackElo "1261"]

1. e4 e5 2. Nf3 Nc6 3. Bb5 Nd4 4. Bc4 Nf6 5. Nxe5 Qe7 6. Nf3 Nxe4 7. O-O Ne6 8.
d4 d6 9. d5 N6c5 10. Re1 Bd7 11. Ng5 c6 12. f3 O-O-O 13. fxe4 f6 14. Nf3 b5 15.
dxc6 Bxc6 16. Bd5 Qc7 17. Nc3 b4 18. Bxc6 Qxc6 19. Nd5 Na4 20. Be3 Nxb2 21. Qb1
Na4 22. Qxb4 Nb6 23. Nxb6+ axb6 24. Qxb6 Qxe4 25. Qa6+ Qb7 26. Qxb7+ Kxb7 27.
Rab1+ Kc8 28. Ba7 Kc7 29. Bb6+ Kc8 30. Bxd8 Kxd8 31. Nd4 d5 32. Ne6+ Ke7 33.
Rb7+ Kd6 34. Nxf8 Rxf8 35. Rxg7 Rh8 36. a4 Ra8 37. Ra1 h5 38. a5 f5 39. a6 Ke6
40. a7 Kf6 41. Rg8 Rxg8 42. a8=Q Rxa8 43. Rxa8 Ke5 44. Rh8 d4 45. Rxh5 Ke4 46.
Kf2 d3 47. cxd3+ Kxd3 48. Rxf5 1-0

[Event "Challenge"]
[Site "http://www.queenalice.com/game.php?id=377325"]
[Date "2008.3.26"]
[Round "-"]
[White "dking"]
[Black "CaptainJester"]
[Result "0-1"]
[WhiteElo "1186"]
[BlackElo "1752"]

1. e4 c5 2. d3 Nc6 3. Nc3 g6 4. Bf4 Bg7 5. Nf3 d6 6. g3 Nf6 7. e5 dxe5 8. Nxe5
Nxe5 9. Bxe5 O-O 10. Qe2 Bg4 11. f3 Be6 12. O-O-O Nd5 13. Nxd5 Qxd5 14. b3 Bxe5
15. f4 Bxf4+ 16. gxf4 Qxh1 17. f5 Bxf5 18. Bg2 Qxh2 19. Rh1 Qf4+ 20. Kd1 Bg4 21.
Rf1 Bxe2+ 22. Kxe2 Qe5+ 23. Kd2 b5 24. Bxa8 Rxa8 25. Re1 Qf4+ 26. Kd1 c4 27.
bxc4 bxc4 28. dxc4 Rd8+ 29. Ke2 Rd2# 0-1

[Event "Challenge"]
[Site "http://www.queenalice.com/game.php?id=382674"]
[Date "2008.4.5"]
[Round "-"]
[White "dking"]
[Black "roda"]
[Result "0-1"]
[WhiteElo "1237"]
[BlackElo "1291"]

1. e4 e5 2. Nc3 Nf6 3. Nf3 Nc6 4. Bc4 h6 5. d3 a6 6. a3 b5 7. Bd5 Bb7 8. O-O Bd6
9. Be3 Ng4 10. h3 Nxe3 11. fxe3 Qf6 12. d4 O-O-O 13. Qd2 g5 14. b4 h5 15. dxe5
Bxe5 16. Nd4 Qd6 17. Rxf7 Nxd4 18. exd4 Bh2+ 19. Kf2 Qg3+ 20. Ke2 Qxg2+ 21. Kd3
Qxh3+ 22. Ke2 Rhf8 23. Rh1 Qg2+ 24. Kd3 Qxh1 25. Rxf8 Rxf8 26. Qxg5 Rf3+ 27. Kd2
Bf4+ 28. Qxf4 Rxf4 29. e5 Rf2+ 30. Ke3 Qe1+ 31. Kd3 Rd2# 0-1

[Event "Challenge"]
[Site "http://www.queenalice.com/game.php?id=383215"]
[Date "2008.4.6"]
[Round "-"]
[White "CaptainJester"]
[Black "dking"]
[Result "1-0"]
[WhiteElo "1801"]
[BlackElo "1264"]

1. e4 Nf6 2. e5 Nd5 3. Bc4 c6 4. Nf3 b5 5. Bxd5 cxd5 6. d4 e6 7. O-O Be7 8. Qd3
Ba6 9. Qe3 Nc6 10. a3 b4 11. Rd1 bxa3 12. Nxa3 Bb7 13. Nb5 Rc8 14. Nxa7 Nxa7 15.
Rxa7 Qc7 16. c3 Ra8 17. Rxa8+ Bxa8 18. Bd2 Qa5 19. Qe1 O-O 20. Ra1 Qb5 21. b4
Bc6 22. Bg5 Bxg5 23. Nxg5 g6 24. Qe3 h6 25. Nf3 g5 26. h4 Ra8 27. Rxa8+ Bxa8 28.
hxg5 hxg5 29. Qxg5+ Kf8 30. Qd8+ Kg7 31. Qxa8 Qc4 32. Qd8 Qxc3 33. Qf6+ Kf8 34.
Ng5 Ke8 35. Qxf7+ Kd8 36. Qf8+ Kc7 37. Qc5+ Qxc5 38. bxc5 Kc6 39. f4 Kb5 40. Kf2
Kc4 41. Ke3 1-0

[Event "Challenge"]
[Site "http://www.queenalice.com/game.php?id=384816"]
[Date "2008.4.9"]
[Round "-"]
[White "dking"]
[Black "Hagi"]
[Result "1/2-1/2"]
[WhiteElo "1261"]
[BlackElo "1485"]

1. e4 e5 2. Nf3 d6 3. Nc3 c6 4. d3 d5 5. Nxe5 g6 6. exd5 cxd5 7. d4 Bg7 8. Qe2
Be6 9. g3 Nf6 10. Bg2 O-O 11. O-O Nc6 12. Nxc6 bxc6 13. Bg5 Qb6 14. Rab1 Qxd4
15. Be3 Qe5 16. f4 Qd6 17. b4 d4 18. Rbd1 Bg4 19. Bf3 Qxb4 20. Bxd4 c5 21. Bxf6
Bxf6 22. Bxg4 Qxc3 23. Rd3 Qc4 24. Rfd1 Qxa2 25. Bf3 Rae8 26. Qf2 Bd4 27. Rxd4
cxd4 28. Qxd4 Rd8 29. Qf2 Rxd1+ 30. Bxd1 a5 31. c3 Qa1 32. Qe1 a4 33. Kf1 a3 34.
Bb3 Qxe1+ 35. Kxe1 Rc8 36. Kd2 Rb8 37. Kc2 Ra8 38. Kb1 Re8 39. Ka2 Re2+ 40. Kxa3
Rxh2 41. c4 Rg2 42. c5 Rxg3 43. Kb4 h5 44. c6 Re3 45. Bd5 Re7 46. Kc5 h4 47. Kd6
Ra7 48. c7 Rxc7 49. Kxc7 Kg7 50. Kd6 f6 51. Ke6 f5 52. Ke5 Kh6 53. Kf6 Kh5 54.
Bf3+ 1/2-1/2

[Event "Challenge"]
[Site "http://www.queenalice.com/game.php?id=387909"]
[Date "2008.4.15"]
[Round "-"]
[White "dking"]
[Black "ozimandias"]
[Result "1-0"]
[WhiteElo "1276"]
[BlackElo "1292"]

1. e4 e5 2. Nc3 Nf6 3. Nf3 d6 4. Bc4 Be7 5. d3 O-O 6. b3 Bg4 7. Be3 c6 8. h3 d5
9. exd5 cxd5 10. Bb5 Qa5 11. Bd2 e4 12. hxg4 exf3 13. Qxf3 a6 14. g5 axb5 15.
gxf6 Bxf6 16. Nxd5 Bxa1 17. Bxa5 Re8+ 18. Kd2 Rxa5 19. Rxa1 b4 20. Nc7 Ree5 21.
Qxb7 Rad5 22. Qxb8+ Re8 23. Qxe8# 1-0

[Event "Challenge"]
[Site "http://www.queenalice.com/game.php?id=389321"]
[Date "2008.4.17"]
[Round "-"]
[White "dking"]
[Black "criscapitao"]
[Result "1-0"]
[WhiteElo "1238"]
[BlackElo "1176"]

1. e4 e5 2. Nc3 g6 3. Nf3 d6 4. g3 f6 5. b3 c5 6. a4 a5 7. d3 Bg4 8. h3 Bh5 9.
g4 Nc6 10. gxh5 gxh5 11. Nb5 Qb6 12. c4 Rc8 13. Nh4 Nce7 14. Bd2 Ng6 15. Nf5 Kd7
16. Qxh5 Qd8 17. h4 Nh6 18. Nxh6 Qe8 19. Nf5 Rd8 20. Bh3 Ra8 21. Nfxd6+ Ke7 22.
Nxe8 Kxe8 23. Nc7+ Kd8 24. Nxa8 Ke7 25. Bxa5 Bg7 26. Nc7 Rc8 27. Qxh7 Rf8 28.
Qxg7+ Kd8 29. Ne6+ Ke8 30. Qxg6+ Kd7 31. Nxf8+ Kd6 32. Qxf6# 1-0

[Event "AUTO-BEG-213"]
[Site "http://www.queenalice.com/game.php?id=396946"]
[Date "2008.5.2"]
[Round "1"]
[White "andre_ramos"]
[Black "dking"]
[Result "1-0"]
[WhiteElo "1294"]
[BlackElo "1264"]

1. e4 e5 2. Qh5 g6 3. Qxe5+ Qe7 4. Qxh8 Nf6 5. d3 d6 6. Bg5 Qe6 7. Bxf6 Nd7 8.
Bg7 d5 9. e5 d4 10. Bxf8 Nxf8 11. Qf6 1-0

[Event "AUTO-BEG-213"]
[Site "http://www.queenalice.com/game.php?id=396947"]
[Date "2008.5.2"]
[Round "1"]
[White "dking"]
[Black "andre_ramos"]
[Result "0-1"]
[WhiteElo "1250"]
[BlackElo "1364"]

1. e4 e5 2. Nc3 Bc5 3. Nf3 Nc6 4. b3 Nf6 5. Bb2 Ng4 6. Qe2 Bxf2+ 7. Kd1 Bc5 8.
d4 Nxd4 9. Nxd4 exd4 10. Qxg4 dxc3 11. Bxc3 Bf8 12. Bc4 d5 13. Qe2 dxc4+ 14. Kc1
Qg5+ 15. Bd2 Qe5 16. Rb1 h5 17. bxc4 Ba3+ 18. Kd1 Bg4 19. Rb5 Bxe2+ 20. Kxe2
Qxe4+ 21. Be3 Qxc4+ 22. Kf2 Qxb5 23. Re1 Bb4 24. Re2 O-O-O 25. Bxa7 Bc5+ 26.
Bxc5 Qxc5+ 27. Kf3 Rhe8 0-1

[Event "AUTO-BEG-213"]
[Site "http://www.queenalice.com/game.php?id=396956"]
[Date "2008.5.2"]
[Round "1"]
[White "killermanic"]
[Black "dking"]
[Result "0-1"]
[WhiteElo "1151"]
[BlackElo "1237"]

1. e4 e5 2. Nf3 Nc6 3. Bc4 Nf6 4. Nc3 a6 5. d4 exd4 6. Nxd4 b5 7. Nxc6 dxc6 8.
Qxd8+ Kxd8 9. Bxf7 Bd6 10. Bg5 Rf8 11. Bb3 h6 12. Bxf6+ gxf6 13. O-O-O Bb7 14.
e5 fxe5 15. Ne4 c5 16. Nxd6 cxd6 17. Rxd6+ Kc7 18. Rxh6 Bxg2 19. Rh7+ Kb6 20.
Rd1 c4 21. a4 cxb3 22. Rh6+ Ka5 23. axb5 bxc2 24. Rd5 Bxd5 25. bxa6 Rxf2 26. Rh5
Rc8 27. Rxe5 Rf1+ 28. Kd2 c1=Q+ 29. Kd3 Qc4+ 30. Kd2 Qd4+ 31. Ke2 Qxe5+ 32. Kxf1
Rc2 33. Kg1 Qe1# 0-1

[Event "AUTO-BEG-213"]
[Site "http://www.queenalice.com/game.php?id=396957"]
[Date "2008.5.2"]
[Round "1"]
[White "dking"]
[Black "killermanic"]
[Result "1-0"]
[WhiteElo "1220"]
[BlackElo "1175"]

1. e4 d5 2. exd5 Qxd5 3. Nc3 Qd7 4. Nf3 Nc6 5. Bc4 e5 6. d3 Nf6 7. b3 e4 8. dxe4
Qxd1+ 9. Kxd1 Bd6 10. Re1 Bg4 11. e5 Nxe5 12. h3 Bxf3+ 13. gxf3 O-O-O 14. Bd2
Nxf3 15. Re3 Nxd2 16. Bxf7 Bb4 17. Ke1 Nd5 18. Nxd5 Nf3+ 19. Ke2 Ng1+ 20. Rxg1
Bc5 21. Rc3 Bxf2 22. Rxg7 Bd4 23. Rc4 Bxg7 24. a4 Rhf8 25. Be6+ Kb8 26. Nxc7 Rd6
27. Ke3 Rc6 28. Rxc6 Rc8 29. Bxc8 Kxc8 30. Rc4 b6 31. Ne6+ Kd7 32. Nxg7 1-0

[Event "Challenge"]
[Site "http://www.queenalice.com/game.php?id=401879"]
[Date "2008.5.12"]
[Round "-"]
[White "dking"]
[Black "CaptainJester"]
[Result "0-1"]
[WhiteElo "1258"]
[BlackElo "1743"]

1. e4 c5 2. c3 Nc6 3. Nf3 g6 4. d4 cxd4 5. cxd4 Bg7 6. e5 Qa5+ 7. Bd2 Qb6 8. g3
Nxd4 9. Nxd4 Qxd4 10. Nc3 Qxe5+ 11. Be2 Nf6 12. Bf4 Qf5 13. O-O O-O 14. Bd3 Qh3
15. f3 d6 16. g4 e5 17. Be3 e4 18. g5 exd3 19. gxf6 Bxf6 20. Qxd3 Be5 21. f4
Qg4+ 22. Kh1 b6 23. Rg1 Bb7+ 24. Ne4 Qf3+ 25. Rg2 Bxe4 26. Qf1 Qxe3 27. Re1
Bxg2+ 28. Kxg2 Qxf4 29. Qxf4 Bxf4 30. Kf3 Bxh2 31. Rd1 Rac8 32. Rxd6 Bxd6 33. b4
Rc3+ 34. Ke4 Re8+ 35. Kd4 Bxb4 36. a3 Rxa3 37. Kd5 Rc3 38. Kd4 Rd8+ 39. Ke4 Bc5
0-1

[Event "let's go play chess"]
[Site "http://www.queenalice.com/game.php?id=402275"]
[Date "2008.5.13"]
[Round "-"]
[White "llina"]
[Black "dking"]
[Result "1-0"]
[WhiteElo "1574"]
[BlackElo "1261"]

1. d4 d5 2. e3 e6 3. Nf3 Nf6 4. Bd3 g6 5. Ne5 Nc6 6. Nxc6 bxc6 7. O-O Bg7 8. c4
dxc4 9. Bxc4 a5 10. Nc3 Ba6 11. Bxa6 Rxa6 12. g3 O-O 13. e4 Nd7 14. Bf4 Qb8 15.
d5 cxd5 16. exd5 e5 17. Bg5 Qxb2 18. Ne4 1-0